Factibilidad economico-social de promover uns zona franca industrial en el partido de bahia blanca /

Guardado en:
Autor Principal: Gimenez Mabel N
Otros Autores: Garcia Casal Irenecattaneo Claudia
Formato: Libro
Publicado: Bah¡a Blanca : Universidad Nacional del Sur / Dpto. de Econom¡a, 1991
Materias:
Etiquetas: Agregar Etiqueta
Sin Etiquetas, Sea el primero en etiquetar este registro!
LEADER 00706nam a22002055a 4500
001 CEM.cems009823
005 20060214000000.0
008 130507s1991##################000#0#####d
003 CEMS
082 0 4 |a F982.1 
100 1 |a Gimenez Mabel N 
245 1 0 |a Factibilidad economico-social de promover uns zona franca industrial en el partido de bahia blanca / 
260 |a Bah¡a Blanca :  |b Universidad Nacional del Sur / Dpto. de Econom¡a,  |c 1991 
300 |a 37 p. 
653 |a Bahia blanca-economia 
653 |a Bahia blanca-puertos 
653 |a Bahia blanca-zona franca 
653 |a Zona franca 
700 1 |a Garcia Casal Irenecattaneo Claudia 
859 |a CEMS  |b BIB. CEMS - 11 de abril  |h F982.1  |i 4-11  |p 1591.44  |t Ej.1